000
00247nam a2200097Ia 4500
001
1113331
005
20250827003947.0
008
250824s9999 xx 000 0 und d
245
0
_a
KOMŞUDAKİ TİYATRO
_c
SONJA DANOWSKI
260
_b
KETEBE YAYINLARI
999
_c
1113331
_d
1113331